Ελληνο-Ισπανικό λεξικό = Diccionario Greco-Espanol
Αποθηκεύτηκε σε:
| Κύριοι συγγραφείς: | , |
|---|---|
| Άλλοι συγγραφείς: | |
| Μορφή: | Βιβλίο |
| Γλώσσα: | Greek Spanish |
| Δημοσίευση: |
Αθήνα :
Μέδουσα,
1995.
|
| Θέματα: | |
| Ετικέτες: |
Προσθήκη ετικέτας
Δεν υπάρχουν, Καταχωρήστε ετικέτα πρώτοι!
|
MARC
| LEADER | 00000cam a2200000 i 4500 | ||
|---|---|---|---|
| 001 | 1/33779 | ||
| 008 | 960805s1995####gr | ||| |||| ||gre|| | ||
| 020 | |a 9607014200 | ||
| 035 | |1 ΕΛΗ |a 1996 |b 0108 |c ΒΙΒΛΙΟΘΗΚΗ |l 10039461 | ||
| 035 | |l 10000426 | ||
| 040 | |a GR-MyUA |b gre |e AACR2 | ||
| 041 | 0 | |a gre |h spa | |
| 082 | 0 | |a 463 | |
| 100 | 1 | |a Azcoitia, Ana Victoria. | |
| 245 | 1 | 0 | |a Ελληνο-Ισπανικό λεξικό = |b Diccionario Greco-Espanol / |c Ana Victoria Azcoitia, Αλέξανδρος Μαγκρίδης ; επιμέλεια - διορθώσεις Ευγενία Μιχαλοπούλου. |
| 260 | |a Αθήνα : |b Μέδουσα, |c 1995. | ||
| 300 | |a 395 σ. ; |c 18 εκ. | ||
| 650 | 0 | 0 | |a Spanish language |x Dictionaries |z Greek, Modern. |
| 700 | 1 | |a Μαγκρίδης, Αλέξανδρος, |e aut | |
| 700 | 1 | |a Μιχαλοπούλου, Ευγενία, |e edtf | |
| 852 | |a INST |b RHODES |e 20020226 |h 463 AZC |p 005400016637 |q 005400016637 |t REF |y 23 | ||
| 852 | |a INST |b RHODES |e 20020226 |h 463 AZC |p 005400016638 |q 005400016638 |t REF |y 23 | ||
| 852 | |a INST |b SAMOS |e 19960805 |h 463 AZC |p 005300009442 |q 005300009442 |t REF |y 23 | ||
| 901 | |a BIBL4-2002-1 | ||
| 970 | |a ΚΟΥΛΑΚΙΟΤΗ |b ΛΙΤΣΑ |z 2002/02/26 | ||